Κατοχή

Saved in:
Bibliographic Details
Main Author: Τσαλίκης, Γιώργος 1924-
Format: Book
Language:Greek
Published: Αθήνα : Τυπογραφείο Δ. Τσιπόπουλος, 1977
Subjects:
Tags: Add Tag
No Tags, Be the first to tag this record!

MARC

LEADER 00000cam a2200000 i 4500
001 1/24948
008 060222s1977 gre d
035 |l 10082792 
040 |a GR-MY-UA  |b gre  |e aacr 
041 0 |a gre 
082 0 |a 938.974  |2 (22) 
100 1 |a Τσαλίκης, Γιώργος  |d 1924- 
245 1 0 |a Κατοχή /  |c Γιώργος Τσαλίκης 
260 |a Αθήνα :   |b Τυπογραφείο Δ. Τσιπόπουλος,   |c 1977 
300 |a 182 σ.;  |b εικ.;  |c 21 εκ. 
650 0 0 |a World War, 1939-1945  |z Greece  |z Lesbos Island. 
650 0 0 |a World War, 1939-1945  |x Underground movements  |z Greece  |z Lesbos Island. 
650 0 0 |a World War, 1939-1945  |z Greece. 
852 |a INST  |b LESVOS  |e 20060222  |h 938.974 ΤΣΑ  |p 005100034591  |q 005100034591  |t BK  |y 0 
901 |a BIBL1-2006-1 
909 |a Λ  |b 125968 
970 |a ΚΑΡΑ  |b ΓΙΑΣΕΜΗ  |z 2006/02/22